Victoria : May blossom of britannia
| Main Author: | |
|---|---|
| Format: | Book |
| Published: |
New York :
Scholastic ,
2001
|
| Series: | The royal diaries
|
| Subjects: |
MARC
| LEADER | 00000cam a2200000 7i4500 | ||
|---|---|---|---|
| 001 | 0000008586 | ||
| 005 | 20160330.0 | ||
| 008 | 070918 | ||
| 020 | |a 0439215986 | ||
| 090 | 0 | 0 | |a KIR |b ENG (7815) |
| 100 | 1 | |a Kirwan, Anna | |
| 245 | 1 | 0 | |a Victoria : |b May blossom of britannia |c Anna Kirwan |
| 260 | |a New York : |b Scholastic , |c 2001 | ||
| 440 | |a The royal diaries | ||
| 500 | |a Teenager ages 13-18 years old (blue) | ||
| 650 | 0 | |a Novel | |
| 999 | |a 0000992946 |b Book |c Teenagers |e Perbadanan Perpustakaan Awam Johor | ||